Labour conditions in Rubber estates: Report of a study conducted in 1972 (Record no. 23192)

MARC details
000 -LEADER
fixed length control field 00328nam a2200109Ia 4500
082 ## - DEWEY DECIMAL CLASSIFICATION NUMBER
Classification number NR:331(047)
Item number GEO
245 #0 - TITLE STATEMENT
Title Labour conditions in Rubber estates: Report of a study conducted in 1972
260 ## - PUBLICATION, DISTRIBUTION, ETC. (IMPRINT)
Place of publication Kottayam
Name of publisher Rubber Board
Year of publication 1974
650 ## - SUBJECT ADDED ENTRY--TOPICAL TERM
Topical Term Plantation Labour
942 ## - ADDED ENTRY ELEMENTS (KOHA)
Koha item type Books
Holdings
Withdrawn status Lost status Damaged status Not for loan Home library Current library Date acquired Full call number Accession Number Koha item type
        RRII Library RRII Library 16/12/2021 NR:331(047) GEO 03893 Books